Bibiza bis einer weint alle Songs - Statistiken

Allgemein
  • Dieses Quiz wurde 7 mal gespielt
  • Das Durchschnittsergebnis liegt bei 13 aus 21
Antwortstatistiken
Hint Antwort % Korrekt
19 angefahrn
100%
1 bis einer weint
100%
15 DONAU
100%
13 Tanzen
100%
10 Der Mann mit der Glatze
67%
14 Die Donauwalze
67%
6 Discoschnupfen
67%
21 Gute Nacht
67%
8 Luxusparese
67%
20 nirgendwo dazwischen
67%
12 Rauchen ist tödlich!
67%
5 Salamander und Chamäleons
67%
16 schwimmen
67%
2 aufnimmawiederschaun
33%
18 Böses Spiel
33%
7 check in / check out
33%
9 DIE RECHNUNG KOMMT
33%
17 hinnfalln
33%
11 KAPUTT ABER GEIL
33%
4 Nicht schon wieder!
33%
3 Wunschkonzert
33%
Keine übereinstimmenden Quizze gefunden
Verteilung der Resultate
Anzahl Personen mit jedem Resultat
Perzentil nach korrekt beantworteten Fragen
Ihre Resultats-Entwicklung
Sie haben dieses Quiz noch nicht gespielt